| 000 | 00598cam a22002411 4500 | ||
|---|---|---|---|
| 001 | sa 63002118 | ||
| 003 | DLC | ||
| 005 | 20260227111932.0 | ||
| 008 | 890727s1962 ii a 000 0 hino | ||
| 010 | _asa 63002118 | ||
| 035 | _a(OCoLC)20081872 | ||
| 040 |
_aDLC _cWaU _dDLC |
||
| 042 | _apremarc | ||
| 050 | 0 | 0 |
_aPK2059 _b.K7 |
| 100 | 0 |
_aKshem Chandra, _d1917- |
|
| 245 | 1 | 0 | _aĀdhunika Hindī kavayitriyoṃ ke premagīta. |
| 260 | _c[1962] | ||
| 300 |
_a416 p. _billus. _c19 cm. |
||
| 500 | _aIn Hindi. | ||
| 650 | 0 | _aHindi poetry. | |
| 650 | 0 | _aLove poetry. | |
| 650 | 0 | _aWomen poets. | |
| 999 |
_c54333 _d54333 |
||